LEADER 01033cam0 2200265 450 001 E600200052528 005 20231130093744.0 100 $a20090804d2009 |||||ita|0103 ba 101 $aita 102 $aIT 200 1 $a<>disciplina delle crisi delle imprese assicurative$ele procedure di salvaguardia della solvibilità e di risanamento$fGiovanni Falcone 210 $aMilano$cGiuffre$dc2009 215 $aXX, 197 p.$d24 cm 225 2 $aQuaderni di giurisprudenza commerciale 410 1$1001LAEC00015435$12001 $a*Quaderni di giurisprudenza commerciale 700 1$aFalcone$b, Giovanni$3AF00006452$4070$0241183 801 0$aIT$bUNISOB$c20231130$gRICA 850 $aUNISOB 852 $aUNISOB$j340|Coll|13|K$m146051 912 $aE600200052528 940 $aM 102 Monografia moderna SBN 941 $aM 957 $a340|Coll|13|K$b000054$gSi$d146051$racquisto$1catenacci$2UNISOB$3UNISOB$420090804073130.0$520231130093735.0$6Alfano 996 $aDisciplina delle crisi delle imprese assicurative$91123666 997 $aUNISOB LEADER 01885nam0 2200409 i 450 001 TO00689629 005 20231121125840.0 010 $a8823804450 020 $aIT$b99-348 100 $a19991102d1998 ||||0itac50 ba 101 | $aita 102 $ait 181 1$6z01$ai $bxxxe 182 1$6z01$an 200 1 $aMisurare la performance nelle imprese di servizi$fLin Fitzgerald ... \et al.! 210 $aMilano$cEGEA$d\1998! 215 $a187 p.$d24 cm 225 | $aArea amministrazione e controllo$v4 300 $aTrad. di Gianluca Meloni, Lucrezia Songini 300 $aIn cop.: SDA Bocconi, Scuola di direzione aziendale dell'Università Luigi Bocconi. 312 $a: Performance measurement in service businesses.$9CFI0401009 410 0$1001BVE0069879$12001 $aArea amministrazione e controllo$v4 500 11$aPerformance measurement in service businesses.$3CFI0401009$956955 606 $aServizi$xImprese$xQualità$2FIR$3RMLC399843$9I 606 $aAziende di servizi$xProduttivita$xValutazione$2FIR$3RMLC127938$9I 676 $a338.4561$9$v21 676 $a338.761$9$v20 702 1$aFitzgerald$b, Lin$3AQ1V015094 801 3$aIT$bIT-01$c19991102 850 $aIT-RM0289 $aIT-FR0098 899 $aBiblioteca Statale A. Baldini$bRM0289 899 $aBiblioteca Area Giuridico Economica$bFR0098 912 $aTO00689629 950 0$aBiblioteca Area Giuridico Economica$d 53IMP 338.761/1$e 53VM 0000098315 VM barcode:ECO009255. - Inventario:5637. - Fondo:Sala consultazioneVM$fA $h20000704$i20121204$d 53MAG MC 2 186$e 53IMP0000048905 VMN A4 ECO003466 Inv.4890 IMP$fA $h20151119$i20151119 977 $a 04$a 53 996 $aPerformance measurement in service businesses$956955 997 $aUNICAS